| 000 | 00488nam a2200169 i 4500 | ||
|---|---|---|---|
| 001 | 130101 | ||
| 003 | ES-MaACL | ||
| 007 | t| | ||
| 008 | 070718s1929 sp ||||1| spa d | ||
| 100 | 1 |
_aZweig, Arnold. _9118559 |
|
| 245 | 1 | 3 |
_aEl sargento Grischa / _cArnold Zweig ; traducción del alemán por Salvador Vila. |
| 260 |
_aMadrid : _bImp. Argis, _c1929. |
||
| 300 |
_a458 p. ; _c13 cm. |
||
| 500 | _aGrab. intercal. | ||
| 700 | 1 |
_aVila, Salvador. _9114704 |
|
| 852 |
_aES-MaACL _jB-2813 |
||
| 999 |
_c130101 _d130101 |
||